000 01229nam a22003377a 4500
003 OSt
005 20170518103845.0
008 170322b xxu||||| |||| 00| 0 eng d
010 _a 00052408
020 _a0130311022 (pbk. : alk. paper)
040 _aMMU
_cMMU
_dMMU
_beng.
042 _apcc
050 0 0 _aRT50.5
_b.H43 2001
060 1 0 _aWY 26.5
_bH443h 2001
082 0 0 _a610.73/0285
_221
100 1 _aHebda, Toni.
245 1 0 _aHandbook of informatics for nurses and health care professionals /
_cToni Hebda, Patricia Czar, Cynthia Mascara.
250 _a2nd ed.
260 _aUpper Saddle River, NJ :
_bPrentice Hall,
_cc2001.
300 _axxiv, 387 p. :
_bill. ;
_c23 cm.
504 _aIncludes bibliographical references and index.
650 0 _aNursing informatics
_vHandbooks, manuals, etc.
650 0 _aMedical informatics
_vHandbooks, manuals, etc.
650 1 2 _aMedical Informatics.
650 1 2 _aNursing.
700 1 _aCzar, Patricia.
700 1 _aMascara, Cynthia.
906 _a7
_bcbc
_corignew
_d1
_eocip
_f20
_gy-gencatlg
942 _2lcc
_cLOAN LOAN
999 _c25730
_d25730